[Event "Rostock SSC op 16th"]
[Site "Rostock"]
[Date "2017.07.28"]
[Round "5"]
[White "Klatt, Jan"]
[Black "Kunow, Frank"]
[Result "1/2-1/2"]
[WhiteElo "2109"]
[BlackElo "1905"]
[PlyCount "72"]
[EventDate "2017.07.26"]
[EventType "swiss"]
[EventRounds "7"]
[EventCountry "GER"]
[SourceTitle "EXT 2018"]
[Source "ChessBase"]
[SourceDate "2017.10.13"]
[SourceVersion "1"]
[SourceVersionDate "2017.10.13"]
[SourceQuality "1"]

1. g3 g6 2. Bg2 Bg7 3. Nf3 e5 4. d3 Ne7 5. c4 0-0 6. Nc3 d6 7. e4 Nbc6 8. h3 h6 9. Bd2 a6 10. g4 Bd7 11. Qc1 Kh7 12. a3 Na5 13. Qd1 c5 14. g5 h5 15. Nd5 Nxd5 16. cxd5 c4 17. Bxa5 Qxa5+ 18. Qd2 Qc7 19. Rc1 b5 20. Bf1 Rfc8 21. dxc4 bxc4 22. Rxc4 Qb6 23. Rxc8 Rxc8 24. Bd3 Qb3 25. 0-0 Bxh3 26. Re1 Bd7 27. Re3 Qb6 28. b4 Bf8 29. Be2 Be7 30. Rc3 Rxc3 31. Qxc3 Bd8 32. Kg2 a5 33. Qc4 axb4 34. axb4 Bg4 35. Qc6 Bxf3+ 36. Bxf3 Kg7 1/2-1/2

[Event "Mecklenburg VP LL 1617"]
[Site "Mecklenburg VP"]
[Date "2017.04.23"]
[Round "9.3"]
[White "Glawe, Hartmut"]
[Black "Kunow, Frank"]
[Result "1/2-1/2"]
[WhiteElo "1939"]
[BlackElo "1891"]
[PlyCount "106"]
[EventDate "2016.10.16"]
[EventType "team-tourn"]
[EventRounds "9"]
[EventCountry "GER"]
[SourceTitle "EXT 2022"]
[Source "ChessBase"]
[SourceDate "2021.10.06"]
[SourceVersion "1"]
[SourceVersionDate "2021.10.06"]
[SourceQuality "1"]
[WhiteTeam "Stralsund FHSG"]
[BlackTeam "Neubrandenburg SG Eintracht"]
[WhiteTeamCountry "GER"]
[BlackTeamCountry "GER"]

1. d4 g6 2. Bf4 d6 3. Nf3 Bg7 4. e3 Nd7 5. c3 e5 6. Bg3 Nh6 7. h3 Qe7 8. Be2 0-0 9. Na3 Nf5 10. Bh2 Nb6 11. 0-0 c6 12. Re1 f6 13. c4 Rd8 14. Qc2 c5 15. d5 Nh6 16. Nd2 f5 17. f4 e4 18. Kh1 Bd7 19. Reb1 Na4 20. Nb5 a6 21. Nc3 Nxc3 22. bxc3 Rab8 23. Rb6 Nf7 24. Bg3 Qf6 25. Rc1 h5 26. Qb2 h4 27. Bh2 Bh6 28. Rf1 Be8 29. Nb3 Qe7 30. Na5 Qc7 31. Rb1 Bb5 32. Rxb7 Qxa5 33. Rxb8 Rxb8 34. cxb5 axb5 35. Bxb5 Bg7 36. a4 Bxc3 37. Qb3 Bf6 38. Qd1 Kh7 39. Bg1 Nh6 40. Bf2 Ng8 41. Be1 Qc7 42. Bc6 Ne7 43. Rxb8 Qxb8 44. Ba5 Qc8 45. Bb5 Qa8 46. Bc7 Nxd5 47. Bxd6 Nxe3 48. Qc1 Qd5 49. Bxc5 Bd4 50. Bxd4 Qxd4 51. Qc7+ Kh6 52. Qe7 Qa1+ 53. Kh2 Qe1 1/2-1/2

[Event "Mecklenburg VP LL 1617"]
[Site "Mecklenburg VP"]
[Date "2017.03.19"]
[Round "7.4"]
[White "Kunow, Frank"]
[Black "Ehlers, Michael2222"]
[Result "1-0"]
[WhiteElo "1891"]
[BlackElo "1881"]
[PlyCount "93"]
[EventDate "2016.10.16"]
[EventType "team-tourn"]
[EventRounds "9"]
[EventCountry "GER"]
[SourceTitle "EXT 2022"]
[Source "ChessBase"]
[SourceDate "2021.10.06"]
[SourceVersion "1"]
[SourceVersionDate "2021.10.06"]
[SourceQuality "1"]
[WhiteTeam "Neubrandenburg SG Eintracht"]
[BlackTeam "Torgelow Droegeheide"]
[WhiteTeamCountry "GER"]
[BlackTeamCountry "GER"]

1. Nf3 Nf6 2. c4 g6 3. b4 Bg7 4. Bb2 0-0 5. g3 c6 6. Bg2 a5 7. b5 d5 8. Na3 dxc4 9. bxc6 Nxc6 10. Nxc4 Be6 11. Ne3 Nd5 12. Bxg7 Nxe3 13. fxe3 Kxg7 14. 0-0 Rb8 15. d4 Bd5 16. Qb1 f5 17. Qb2 Kg8 18. Rfd1 b5 19. Rac1 Qd6 20. Rc5 Na7 21. Qd2 b4 22. e4 fxe4 23. Ng5 Nb5 24. Bh3 Nc3 25. Rxa5 e5 26. Rxd5 Nxd5 27. dxe5 Qb6+ 28. Qd4 Nc3 29. Qxb6 Rxb6 30. Rd6 Rxd6 31. exd6 Nxe2+ 32. Kg2 Nc3 33. d7 e3 34. Be6+ Kg7 35. Nf7 Kf6 36. d8Q+ Rxd8 37. Nxd8 Ke7 38. Nc6+ Kxe6 39. Nxb4 Ke5 40. Kf3 Kd4 41. Nc2+ Ke5 42. a3 g5 43. Kxe3 Na4 44. Ne1 h6 45. g4 Nc5 46. Nd3+ Kd5 47. Nxc5 1-0

[Event "Mecklenburg VP LL2 Ost 1415"]
[Site "Mecklenburg VP"]
[Date "2014.11.23"]
[Round "3.6"]
[White "Hausmann, Ulrich"]
[Black "Kunow, Frank"]
[Result "1/2-1/2"]
[WhiteElo "1623"]
[BlackElo "1864"]
[PlyCount "84"]
[EventDate "2014.09.21"]
[EventType "team-tourn"]
[EventRounds "9"]
[EventCountry "GER"]
[SourceTitle "EXT 2022"]
[Source "ChessBase"]
[SourceDate "2021.10.06"]
[SourceVersion "1"]
[SourceVersionDate "2021.10.06"]
[SourceQuality "1"]
[WhiteTeam "Graal Mueritz"]
[BlackTeam "Neubrandenburg SG Eintracht"]
[WhiteTeamCountry "GER"]
[BlackTeamCountry "GER"]

1. f4 c5 2. Nf3 g6 3. e3 Bg7 4. c3 Qa5 5. Be2 d5 6. d4 cxd4 7. exd4 Nf6 8. 0-0 0-0 9. Ne5 b5 10. Nd2 Qb6 11. Ndf3 a6 12. b3 Qc7 13. Bb2 Ne4 14. Rc1 Qb6 15. Nd2 Nxd2 16. Qxd2 Nd7 17. Nxd7 Bxd7 18. Bd3 e6 19. Ba3 Rfc8 20. Bc5 Qc7 21. Qe2 Qb8 22. h4 h5 23. g4 hxg4 24. Qxg4 Qc7 25. h5 e5 26. Qg5 e4 27. Be2 Qc6 28. Kf2 Qf6 29. hxg6 Qxg5 30. gxf7+ Kxf7 31. fxg5 Kg6 32. Ke3 Rh8 33. Rh1 Be6 34. Rcf1 Rad8 35. Be7 Rd7 36. Rxh8 Bxh8 37. Bf6 Bg7 38. Bxg7 Kxg7 39. Rf6 Re7 40. Bh5 a5 41. Rg6+ Kh7 42. Rh6+ Kg7 1/2-1/2

[Event "Lueneburg op"]
[Site "Lueneburg"]
[Date "2014.08.13"]
[Round "5"]
[White "Kunow, Frank"]
[Black "Christensen, Andreas"]
[Result "1-0"]
[WhiteElo "1945"]
[BlackElo "1733"]
[PlyCount "83"]
[EventDate "2014.08.09"]
[EventType "swiss"]
[EventRounds "9"]
[EventCountry "GER"]
[SourceTitle "CBM 161 Extra"]
[Source "ChessBase"]
[SourceDate "2014.08.29"]
[SourceVersion "1"]
[SourceVersionDate "2014.08.29"]
[SourceQuality "1"]

1. Nf3 d5 2. c4 c6 3. g3 dxc4 4. Qc2 Nf6 5. Bg2 Nbd7 6. Qxc4 Nb6 7. Qc2 h6 8. b3 Bg4 9. Bb2 e6 10. 0-0 Bf5 11. d3 Be7 12. Nbd2 0-0 13. Nc4 Bh7 14. a3 Nxc4 15. bxc4 Bd6 16. Qc3 Qe7 17. Ne5 Bxe5 18. Qxe5 Rfd8 19. Bc3 Ne8 20. Rfb1 f6 21. Qe3 Nd6 22. Bb4 Qf7 23. Bxd6 Rxd6 24. c5 Rd7 25. Rb4 e5 26. Rab1 Bf5 27. Qc1 Rc8 28. Ra4 a6 29. Qb2 Rcc7 30. Rd1 Be6 31. Rd2 Bd5 32. e4 Be6 33. d4 Rxd4 34. Raxd4 exd4 35. Rxd4 Rd7 36. Rd6 b5 37. e5 fxe5 38. Bxc6 Rxd6 39. cxd6 Bd5 40. d7 Qe7 41. Bxd5+ Kf8 42. Qb4 1-0

[Event "Lueneburg op"]
[Site "Lueneburg"]
[Date "2014.08.12"]
[Round "4"]
[White "Schmidt Wilke, Jens"]
[Black "Kunow, Frank"]
[Result "1-0"]
[WhiteElo "2120"]
[BlackElo "1945"]
[PlyCount "65"]
[EventDate "2014.08.09"]
[EventType "swiss"]
[EventRounds "9"]
[EventCountry "GER"]
[SourceTitle "CBM 161 Extra"]
[Source "ChessBase"]
[SourceDate "2014.08.29"]
[SourceVersion "1"]
[SourceVersionDate "2014.08.29"]
[SourceQuality "1"]

1. e4 g6 2. d4 Bg7 3. f4 d6 4. Nf3 c5 5. c3 cxd4 6. cxd4 Qb6 7. Nc3 Bg4 8. Nd5 Qd8 9. Qb3 Nf6 10. Qxb7 Nxd5 11. Qxa8 Nc7 12. Qxa7 0-0 13. Be3 Bxf3 14. gxf3 e5 15. fxe5 d5 16. 0-0-0 Ne6 17. Bb5 Nc7 18. Be2 Nc6 19. Qa4 Ne7 20. Kb1 Ne6 21. Rd3 g5 22. Rc1 Ng6 23. Rdc3 Ngf4 24. Bxf4 gxf4 25. exd5 Qxd5 26. Rc4 Rd8 27. Qc6 Qxc6 28. Rxc6 Rxd4 29. Rc8+ Bf8 30. Rd1 Ra4 31. Bc4 Kg7 32. Bxe6 fxe6 33. Rdd8 1-0

[Event "Mecklenburg VP LL2 Ost 1314"]
[Site "Mecklenburg VP"]
[Date "2014.04.06"]
[Round "8.6"]
[White "Kunow, Frank"]
[Black "Schubert, Jens"]
[Result "1-0"]
[WhiteElo "1793"]
[BlackElo "1582"]
[PlyCount "135"]
[EventDate "2013.10.27"]
[EventType "team-tourn"]
[EventRounds "9"]
[EventCountry "GER"]
[SourceTitle "EXT 2022"]
[Source "ChessBase"]
[SourceDate "2021.10.06"]
[SourceVersion "1"]
[SourceVersionDate "2021.10.06"]
[SourceQuality "1"]
[WhiteTeam "Neubrandenburg SG Eintracht"]
[BlackTeam "Neubrandenburg SV Turbine"]
[WhiteTeamCountry "GER"]
[BlackTeamCountry "GER"]

1. Nf3 d5 2. c4 e6 3. b3 Nf6 4. Bb2 c5 5. g3 Nc6 6. Bg2 Be7 7. 0-0 0-0 8. e3 Rb8 9. Nc3 b6 10. cxd5 exd5 11. d4 cxd4 12. Nxd4 Nxd4 13. Qxd4 Be6 14. Rfd1 Bc5 15. Qh4 Rb7 16. Na4 Be7 17. Qd4 Qc8 18. Rac1 Rc7 19. Qe5 Rc2 20. Rxc2 Qxc2 21. Rc1 Qe2 22. Qc7 Bd8 23. Qc2 Qb5 24. Ba3 Re8 25. Bf1 Qd7 26. Ba6 Be7 27. Bb2 h6 28. Qc7 Rd8 29. Qxd7 Rxd7 30. Bb5 Rb7 31. Be5 Bd8 32. Bc6 Re7 33. Bd6 Ne4 34. Bxe7 Bxe7 35. Bb5 Bd6 36. Rc2 Kf8 37. Ba6 Bf5 38. Bc8 Nxg3 39. Bxf5 Nxf5 40. Rc8+ Ke7 41. Ra8 b5 42. Rxa7+ Ke6 43. Nc3 b4 44. Nb5 Bc5 45. Rc7 Be7 46. Rb7 f6 47. Kf1 g5 48. Ke2 h5 49. Na7 Bc5 50. Nc6 Nd6 51. Rb8 Ne4 52. Nxb4 Nc3+ 53. Kf1 Bxb4 54. Rxb4 Nxa2 55. Rb8 h4 56. b4 Nc3 57. b5 Ne4 58. Rd8 Nd6 59. b6 Ke7 60. Rh8 Kd7 61. Rh7+ Kc6 62. b7 Nxb7 63. Rf7 Nc5 64. Rxf6+ Kd7 65. Rf5 Ne6 66. Rxd5+ Ke7 67. Ra5 Kf6 68. Kg2 1-0

[Event "Mecklenburg VP LL2 Ost 1314"]
[Site "Mecklenburg VP"]
[Date "2013.11.10"]
[Round "2.5"]
[White "Kunow, Frank"]
[Black "Koesterke, Klaus"]
[Result "1-0"]
[WhiteElo "1793"]
[BlackElo "1386"]
[PlyCount "109"]
[EventDate "2013.10.27"]
[EventType "team-tourn"]
[EventRounds "9"]
[EventCountry "GER"]
[SourceTitle "EXT 2022"]
[Source "ChessBase"]
[SourceDate "2021.10.06"]
[SourceVersion "1"]
[SourceVersionDate "2021.10.06"]
[SourceQuality "1"]
[WhiteTeam "Neubrandenburg SG Eintracht"]
[BlackTeam "Binz Therme Ruegen"]
[WhiteTeamCountry "GER"]
[BlackTeamCountry "GER"]

1. Nf3 Nf6 2. c4 c5 3. Nc3 Nc6 4. d4 cxd4 5. Nxd4 Nxd4 6. Qxd4 e6 7. e4 h6 8. e5 Ng8 9. Ne4 b6 10. Bd2 Bb7 11. b4 Bxe4 12. Qxe4 Ne7 13. Be2 Rc8 14. 0-0 Qc7 15. f4 g6 16. Rac1 a6 17. c5 b5 18. Ra1 Nd5 19. Rfc1 Qc6 20. Bf3 Bg7 21. Qd3 0-0 22. Rd1 Rc7 23. Bxd5 Qxd5 24. Qxd5 exd5 25. Be3 Re8 26. Rxd5 f6 27. Bd4 fxe5 28. Bxe5 Bxe5 29. fxe5 Re7 30. Rf1 Kg7 31. Rf6 Rxe5 32. Rxg6+ Kxg6 33. Rxe5 Kf6 34. Rh5 Kg6 35. Rd5 Kg7 36. Kf2 a5 37. a3 a4 38. Rd6 Rb7 39. Rb6 Ra7 40. Rxb5 d6 41. Ke3 dxc5 42. Rxc5 Re7+ 43. Kf3 Rf7+ 44. Ke4 Rf2 45. Rc3 Kh7 46. Rg3 h5 47. Kd5 Kh6 48. b5 Rf5+ 49. Kc6 Rf6+ 50. Kb7 Rf7+ 51. Ka6 Rf8 52. b6 Rf7 53. b7 Rf6+ 54. Ka7 Rf7 55. Ka8 1-0